00591nam a2200169Ia 4500008004100000041001200041082002000053100001900073245008300092250001300175260001900188300001300207650000700220942000700227999001900234952016800253231217s9999 xx 000 0 und d aEnglish a001.6404 MEH;1 aMehta, Subhash 0aPC made simple: Working on the IBM PC compatible includes tips and tricks..... a4th ed.  c1997bGalgotia axxvi+715 aPC cAA c164845d164845 r2024-01-26 00:00:00l0o001.6404 MEH;1p9879v212.50w2024-01-26yAA1040708CL00aMLbMLd1997-04-15eInter Lineg250.00ECSK383L15/11/1999GRSF1V37.5W15